Pokémon de type Sol uniquement - Statistiques

Statistiques générales
  • Ce quiz a été pris 50 fois
  • Le résultat moyen est 14 sur 17
Statistiques - réponses
Hint Réponse % Correct
n° 050 Taupiqueur
93%
n° 449 Hippopotas
91%
n° 027 Sabelette
91%
n° 028 Sablaireau
91%
n° 051 Triopikeur
91%
n° 450 Hippodocus
89%
n° 383 Groudon
84%
n° 105 Ossatueur
82%
n° 104 Osselait
82%
n° 232 Donphan
80%
n° 231 Phanpy
80%
n° 529 Rototaupe
80%
n° 844 Dunaconda
76%
n° 843 Dunaja
76%
n° 328 Kraknoix
73%
n° 750 Bourrinos
67%
n° 749 Tiboudet
64%
Aucun quiz correspondant
Distribution des résultats
% des personnes avec chaque résultat
Percentile par nombre de réponses
Votre historique - résultats
Vous n’avez pas pris ce quiz